Run home / (Record no. 129592)

MARC details
000 -LEADER
fixed length control field 01868aam a2200361 i 4500
001 - CONTROL NUMBER
control field 24126136
003 - CONTROL NUMBER IDENTIFIER
control field MaObMVR
005 - DATE AND TIME OF LATEST TRANSACTION
control field 20260407141216.0
008 - FIXED-LENGTH DATA ELEMENTS--GENERAL INFORMATION
fixed length control field 250325s2026 nyua c 6 000 0aeng
010 ## - LIBRARY OF CONGRESS CONTROL NUMBER
LC control number 2025934878
020 ## - INTERNATIONAL STANDARD BOOK NUMBER
International Standard Book Number 9781250774316
Qualifying information (trade paperback)
020 ## - INTERNATIONAL STANDARD BOOK NUMBER
International Standard Book Number 9781250774309
Qualifying information (hardcover)
035 ## - SYSTEM CONTROL NUMBER
System control number (OCoLC)1501820152
040 ## - CATALOGING SOURCE
Original cataloging agency DLC
Language of cataloging eng
Description conventions rda
Transcribing agency DLC
Modifying agency TnLvILS
042 ## - AUTHENTICATION CODE
Authentication code pcc
100 1# - MAIN ENTRY--PERSONAL NAME
Personal name Bermudez, Alyssa,
Relator term author,
-- illustrator.
9 (RLIN) 55647
245 10 - TITLE STATEMENT
Title Run home /
Statement of responsibility, etc Alyssa Bermudez.
250 ## - EDITION STATEMENT
Edition statement First edition.
300 ## - PHYSICAL DESCRIPTION
Extent 304 pages :
Other physical details chiefly color illustrations ;
Dimensions 21 cm.
500 ## - GENERAL NOTE
General note "A graphic memoir"--Cover.
520 ## - SUMMARY, ETC.
Summary, etc "It's 2002, and 14-year-old Alyssa is a freshman at a new high school where she knows NO ONE and the uniforms are hideous! What a disaster... Even worse? Her parents are forcing her to join the cross-country team. No one needs to run, or sweat, this much! Over time though, Alyssa actually starts to like running. She's getting better with practice, and some of the girls on the team are really nice. Alyssa begins to find a steady rhythm with high school, cross country, and her new stepfamily. But Alyssa's dad is sick, and she doesn't know what to do. When the worst thing imaginable happens, Alyssa will need to count on her friends, family, and herself to keep running forward"--
600 10 - SUBJECT ADDED ENTRY--PERSONAL NAME
Personal name Bermudez, Alyssa
General subdivision Childhood and youth.
9 (RLIN) 55648
650 #0 - SUBJECT ADDED ENTRY--TOPICAL TERM
Topical term or geographic name as entry element Illustrators
Geographic subdivision United States
Form subdivision Biography.
9 (RLIN) 17310
650 #0 - SUBJECT ADDED ENTRY--TOPICAL TERM
Topical term or geographic name as entry element High school students
Geographic subdivision United States
Form subdivision Biography.
9 (RLIN) 55649
650 #0 - SUBJECT ADDED ENTRY--TOPICAL TERM
Topical term or geographic name as entry element Cross-country running
Form subdivision Fiction.
9 (RLIN) 55650
650 #0 - SUBJECT ADDED ENTRY--TOPICAL TERM
Topical term or geographic name as entry element Stepfamilies
Form subdivision Fiction.
650 #0 - SUBJECT ADDED ENTRY--TOPICAL TERM
Topical term or geographic name as entry element Sick parents
Form subdivision Fiction.
9 (RLIN) 55651
655 #7 - INDEX TERM--GENRE/FORM
Genre/form data or focus term Graphic novels.
Source of term lcgft.
655 #7 - INDEX TERM--GENRE/FORM
Genre/form data or focus term Autobiographical fiction.
Source of term lcgft.
655 #7 - INDEX TERM--GENRE/FORM
Genre/form data or focus term Diaries.
Source of term lcgft.
9 (RLIN) 55652
907 ## - LOCAL DATA ELEMENT G, LDG (RLIN)
a .b514928359
942 ## - ADDED ENTRY ELEMENTS (KOHA)
Source of classification or shelving scheme Dewey Decimal Classification
Koha item type Book
Holdings
Withdrawn status Lost status Source of classification or shelving scheme Damaged status Not for loan Home library Current library Shelving location Date acquired Total Checkouts Full call number Barcode Date last seen Cost, replacement price Price effective from Koha item type
  Available Dewey Decimal Classification     Martha's Vineyard High School Library Martha's Vineyard High School Library GRAPHIC NOVELS 04/07/2026   GRAPHIC/921/BER 39844500071320 04/07/2026 23.00 04/07/2026 Graphic Novel